000 00405nam a2200145Ia 4500
005 20240821152134.0
008 240821s9999||||xx |||||||||||||| ||und||
082 _a780.72994 AUS
100 _aAustrallian Broadcasting Commission, Melbourne
245 0 _aAdventures in music
260 _aMelbourne
_bAthelstan Press
300 _a18p
650 _aARTS,CRAFTS,MUSIC,SPORTS AND RECREATIONS
942 _cBK
999 _c62220
_d62220